Madame Bovary : (Record no. 10487)
[ view plain ]
| 000 -LEADER | |
|---|---|
| fixed length control field | 01909nam a2200253 a 4500 |
| 001 - CONTROL NUMBER | |
| JCCL Control Number | 10487 |
| 003 - CONTROL NUMBER IDENTIFIER | |
| JCCL marc code | BD-JhCC |
| 005 - DATE AND TIME OF LATEST TRANSACTION | |
| control field | 20180430171051.0 |
| 008 - FIXED-LENGTH DATA ELEMENTS--GENERAL INFORMATION | |
| fixed length control field | 180430s1965 nbu |||| |||| 000 0 eng d |
| 020 ## - INTERNATIONAL STANDARD BOOK NUMBER | |
| International Standard Book Number | 0822007800 |
| 035 ## - SYSTEM CONTROL NUMBER | |
| system control number | (BD-JhCC)10487 |
| 040 ## - CATALOGING SOURCE | |
| Original cataloging agency | BD-JhCC |
| Modifying agency | BD-JhCC |
| 041 ## - LANGUAGE CODE | |
| Language code of Book | eng |
| 082 ## - DEWEY DECIMAL CLASSIFICATION NUMBER | |
| Classification number | 843.8 |
| Author mark and Year | ROB 1964 |
| 100 ## - MAIN ENTRY--PERSONAL NAME | |
| Personal name | Roberts, James L. |
| 245 ## - TITLE STATEMENT | |
| Title | Madame Bovary : |
| Remainder of title | notes / |
| Statement of responsibility, etc | James L. Roberts |
| 260 ## - PUBLICATION, DISTRIBUTION, ETC. (IMPRINT) | |
| Place of publication, distribution, etc | USA : |
| Name of publisher, distributor, etc | Cliff's notes, |
| Date of publication, distribution, etc | 1963 |
| 300 ## - PHYSICAL DESCRIPTION | |
| Pagination | 76 p. : |
| Dimensions | 21 cm. |
| 504 ## - BIBLIOGRAPHY, ETC. NOTE | |
| Bibliography, etc | Includes bibliography |
| 520 ## - SUMMARY, ETC. | |
| Summary, etc | The original CliffsNotes study guides offer expert commentary on major themes, plots, characters, literary devices, and historical background.<br/><br/>With CliffsNotes on Madame Flaubert, you'll gain insight into Gustave Flaubert's novel that was so scandalous, he was brought to trial for immorality. Written in 1857, Madame Bovary is a pointed telling of the protagonist's immoral behavior as she ignores her duties as wife and mother to pursue her superficial romantic ideals. However, many now claim the novel as an integral part of modern European and American fiction and the forerunner and model of the realistic novel.<br/><br/>Show your classmates – and your grade-granting teacher – that you're in the know with literature. You can't miss with chapter summaries, plot explorations, and author insights. Other features that help you study include<br/><br/> A brief synopsis of the novel<br/> Insightful chapter commentaries<br/> Critical essays on major themes, symbolism, style, and more<br/> In-depth character analyses<br/> An interactive quiz to test your knowledge<br/> Essay topics and review questions<br/><br/>Classic literature or modern modern-day treasure – you'll understand it all with expert information and insight from CliffsNotes study guides. |
| 650 ## - SUBJECT ADDED ENTRY--TOPICAL TERM | |
| Topical term or geographic name as entry element | Madame Bovary (Flaubert, Gustave) |
| 650 ## - SUBJECT ADDED ENTRY--TOPICAL TERM | |
| Topical term or geographic name as entry element | Physicians' spouses |
| 942 ## - ADDED ENTRY ELEMENTS (KOHA) | |
| Source of classification or shelving scheme | Dewey Decimal Classification |
| Koha item type | Books |
| Source of classification or shelving scheme | Damaged status | Not for loan | Home library | Current library | Shelving location | Date of accession | Cost, normal purchase price | Total Checkouts | Full call number | Barcode | Date last seen | Copy number | Koha item type |
|---|---|---|---|---|---|---|---|---|---|---|---|---|---|
| Dewey Decimal Classification | JCC Rouf Library | JCC Rouf Library | General Stacks | 04/30/2018 | 1.00 | 843.8 ROB 1964 | 14063 | 04/30/2018 | C-1 | Books | |||
| Dewey Decimal Classification | JCC Rouf Library | JCC Rouf Library | General Stacks | 04/30/2018 | 843.8 ROB 1964 | 14091 | 04/30/2018 | C-2 | Books |